[Event "Colonie op"]
[Site "Colonie"]
[Date "2003.02.01"]
[Round "3"]
[White "Morse, John W"]
[Black "Goldberg, Mitchell"]
[Result "0-1"]
[WhiteElo "2000"]
[BlackElo "2222"]
[PlyCount "60"]
[EventDate "2003.01.31"]
[EventType "swiss"]
[EventRounds "5"]
[EventCountry "USA"]
[SourceTitle "EXT 2008"]
[Source "ChessBase"]
[SourceDate "2007.11.25"]
[SourceVersion "1"]
[SourceVersionDate "2007.11.25"]
[SourceQuality "1"]

1. d4 d5 2. Nf3 Nf6 3. e3 g6 4. c4 Bg7 5. Nc3 0-0 6. Qb3 c6 7. Be2 dxc4 8. Bxc4 b5 9. Be2 a6 10. 0-0 Nbd7 11. Rd1 c5 12. dxc5 Qc7 13. Nd5 Nxd5 14. Qxd5 Rb8 15. Rb1 Nxc5 16. Nd4 Rb6 17. b4 Ne6 18. Bb2 Rd6 19. Nxe6 Bxe6 20. Qf3 Rxd1+ 21. Bxd1 Bxb2 22. Rxb2 Qc3 23. Qe2 Rd8 24. Rc2 Qxb4 25. a3 Qb1 26. Rd2 Rxd2 27. Qxd2 Bb3 28. Qd8+ Kg7 29. Qd4+ f6 30. Qd7 Qxd1+ 0-1